[Event "EU-chT (Men) 16th"]
[Site "Heraklion"]
[Date "2007.11.06"]
[Round "9.1"]
[White "Svidler, Peter"]
[Black "Cheparinov, Ivan"]
[Result "1-0"]
[WhiteElo "2732"]
[BlackElo "2670"]
[Annotator "Ftacnik,L"]
[PlyCount "53"]
[EventDate "2007.10.28"]
[EventType "team-swiss"]
[EventRounds "9"]
[EventCountry "GRE"]
[SourceTitle "CBM 121"]
[Source "ChessBase"]
[SourceDate "2007.11.14"]
[SourceVersion "1"]
[SourceVersionDate "2007.11.14"]
[SourceQuality "1"]
[WhiteTeam "Russia"]
[BlackTeam "Bulgaria"]
[WhiteTeamCountry "RUS"]
[BlackTeamCountry "BUL"]

1. e4 c5 2. Nf3 d6 3. d4 cxd4 4. Nxd4 Nf6 5. Nc3 a6 6. Be3 e6 7. g4 h6 8. Bg2
e5 9. Nf5 g6 10. h3 $5 {[%mdl 4] Cheparinov is willingly playing this line,
where Black gets the material, but his position is extremely compromised and
very risky.} (10. Qe2 gxf5 11. exf5 Bd7 (11... Rg8 12. h3 (12. Bf3 Nc6 13.
O-O-O Be7 14. h4 Nd4 15. Bxd4 exd4 16. Rxd4 Kf8 17. Qe3 Rh8 18. g5 hxg5 19.
hxg5 Rxh1+ 20. Bxh1 Bxf5 21. gxf6 Bxf6 22. Rb4 Bg7 23. Rxb7 Qh4 24. Bd5 {
1-0 Wedberg,T (2473)-Tella,J (2428)/Stockholm 2000 (29)}) 12... Qc7 (12... Bd7
13. Bxb7 $1 (13. O-O-O Bc6 14. f4 Nbd7 15. Bxc6 bxc6 16. g5 hxg5 17. fxg5 Nd5
18. Nxd5 cxd5 19. h4 {Tolnai,T-Rychagov,M/Katerini/1992/0.5/29/}) 13... Bc6 14.
Bxa8 Bxa8 15. Rg1 Qa5 16. O-O-O Nbd7 17. f4 {/\ g5/} Nd5 18. Nxd5 Bxd5 19. a3
Bc6 20. Qc4 $1 Qb5 21. Qc3 $1 {1-0 Bologan,V (2600)-Novgorodskij,V (2365)/St
Petersburg 1996/ (36)}) (12... Nbd7 13. O-O-O Qc7 14. f4 Kd8 15. Rhe1 exf4 16.
Bxf4 Qc5 17. Rd5 Nxd5 18. Nxd5 Ne5 19. Be3 Qb5 20. Bb6+ Kd7 21. Nf6+ Ke7 22.
Nxg8+ Kd7 23. Nf6+ Ke7 24. Nd5+ Kd7 25. Qe4 Be7 26. Bd4 {1-0 Vachier Lagrave,M
(2493)-Arun Prasad,S (2367)/Heraklio 2004}) 13. f4 Bd7 14. O-O-O Bc6 15. fxe5
dxe5 16. Bb6 Qxb6 17. Qxe5+ Be7 18. Rhe1 Qb4 $1 (18... Kf8 19. Qxe7+ Kg7 20.
Re6 Nbd7 21. Rxd7 Nxd7 22. Rg6+ Kh8 23. Rxh6+ {1-0 Cheparinov,I (2640)-Rivera,
H (2206)/Morelia 2007}) 19. Bxc6+ Nxc6 20. Qxf6 Qf4+ 21. Kb1 Kf8 22. Rxe7 Nxe7
23. Qxe7+ Kxe7 24. Nd5+ Kd6 25. Nxf4+ Kc6 26. Rd3 {1/2 Deepan Chakkravarthy,J 
(2479)-Palac,M (2570)/Biel 2007}) (11... Nc6 12. O-O-O Bd7 (12... Rg8 13. h3
Qc7 14. f4 Ne7 15. Rhe1 Bd7 16. Qf2 Rc8 17. Bb6 Qb8 18. Rxd6 $1 $40 {Szalanczy,
E-Schlosser,P/Balatonbereny/1989/1:0/26/}) 13. f4 Qa5 14. g5 hxg5 15. fxg5 Rc8
16. gxf6 Nb4 17. a3 Rxc3 18. bxc3 Na2+ 19. Kb2 Nxc3 20. Qc4 Nxd1+ 21. Rxd1 Qb5+
22. Qxb5 axb5 $11 {1-0 Jenni,F (2518)-Naumann,A (2543)/Szeged 2007 (74)}) 12.
Bxb7 Bc6 13. Bxa8 Bxa8 14. Rg1 Nbd7 15. O-O-O Be7 16. h4 $16 {Anand,V-Vallejo
Pons,F/Monte Carlo 2005} Qa5 17. Bd2 Nd5 18. Nxd5 Qxd5 19. Qxa6 $16 {1-0 Anand,
V (2786)-Vallejo Pons,F (2686)/Monte Carlo 2005 (32)}) (10. Nxh6 $5 Bxh6 11.
Bxh6 Nxg4 12. Bd2 Nc6 13. Nd5 Be6 14. h3 Qh4 15. Rf1 Nf6 16. Nc7+ Kd7 17. Nxa8
Rxa8 18. Be3 Nxe4 19. Qd3 f5 20. O-O-O $14 {Nurkiewicz,M-Barskij,V/Warzsawa/
1993/1-0 (29)}) 10... gxf5 11. exf5 Nc6 {The defender is playing with fire.
Each move is worth its weight in gold and only the best defence can limit the
danger lurking in this sharp position.} (11... d5 $5 12. Nxd5 Nxd5 13. Bxd5 Nc6
14. Qf3 Bd7 15. O-O-O $13) 12. Qe2 Qa5 (12... d5 $6 13. O-O-O Bd6 (13... d4 $2
14. Bxd4 $1 $18) 14. Nxd5 Nxd5 15. Bxd5 $16) 13. O-O-O Bd7 14. f4 Rc8 $2 {
The whole experiment might have turned out favourably for Black, but he had to
find the courage to test the limits of queenside castling.} (14... O-O-O $5 15.
Qc4 Be8 (15... exf4 16. Bd2 (16. Bxf4 $6 Qb4 $17) 16... Ne8 $1 17. Qxf7 Ne5 $17
) 16. Rhe1 exf4 17. Qxf4 Ne5 $17) 15. Kb1 $1 Nb4 (15... Be7 16. Qf2 Nd4 17.
Bxd4 exd4 18. Qxd4 Qc5 $13) 16. a3 Rxc3 (16... Nc6 17. Qf2 Qc7 18. g5 hxg5 19.
fxg5 Nh5 20. Nd5 $14) 17. axb4 $1 {Svidler is ready for the obvious
counterplay. In the situation, where Black is losing the initiative Svidler's
attacking setup will become powerful.} (17. bxc3 Nbd5 18. Bd2 Nxc3+ 19. Bxc3
Qxc3 $17) 17... Qxb4 18. fxe5 Ba4 (18... dxe5 19. Bd2 (19. Bd4 Rxc2 20. Kxc2
Ba4+ 21. Kb1 Bxd1 22. Rxd1 $18) 19... Rxc2 20. Qxe5+ Qe7 21. Rhe1 Qxe5 22.
Rxe5+ Kd8 23. Kxc2 $18) 19. exf6 $1 {The most charming move of the whole game.
White is ready to part with material, but insists on keeping the huge
positional advantage.} (19. Rc1 $6 Nd7 20. exd6 Kd8 21. Bd2 Qc4 22. Qxc4 Rxc4
23. b3 Bc6 24. bxc4 Bxg2 $13) 19... Bxc2+ 20. Qxc2 Rxc2 21. Kxc2 d5 $5 {
Cheparinov badly needs to bring his pieces out of the cage, otherwise Svidler
would pile up on the c-file with the devastating effect.} (21... h5 22. g5 Qb5
23. Bd5 Qd7 24. Rhe1 $16) 22. Rxd5 Qa4+ 23. Kb1 Bb4 24. Bc5 $1 {The final
subtlety, the black king is locked in the centre and will die a hero's death.}
Qb3 (24... Bxc5 25. Re1+ Kf8 26. Rd8+ $18) 25. Re5+ Kd8 (25... Kd7 26. Re3 Qc4
27. Re7+ Kc8 28. Rc1 Qxc1+ 29. Kxc1 Bxc5 30. Bxb7+ Kb8 31. Rxf7 $18) 26. Bxb4
Qxb4 27. Rc1 (27. Rc1 Qd6 28. Rd5 $18) 1-0

[Event "ESP-chB"]
[Site "Lorca"]
[Date "2005.11.12"]
[Round "3.2"]
[White "Fernandez Romero, Ernesto"]
[Black "Oms Pallisse, Josep"]
[Result "0-1"]
[WhiteElo "2442"]
[BlackElo "2481"]
[Annotator "Ftacnik,L"]
[PlyCount "48"]
[EventDate "2005.11.10"]
[EventType "tourn"]
[EventRounds "5"]
[EventCountry "ESP"]
[EventCategory "10"]
[SourceTitle "CBM 111"]
[Source "ChessBase"]
[SourceDate "2006.04.04"]
[SourceVersion "1"]
[SourceVersionDate "2006.04.04"]
[SourceQuality "1"]

1. e4 c5 2. Nf3 e6 3. d4 cxd4 4. Nxd4 Nf6 5. Nc3 d6 6. g4 h6 7. h4 Nc6 8. Rg1
d5 9. Bb5 Bd7 10. exd5 Nxd5 11. Nxd5 exd5 12. Be3 Be7 13. g5 hxg5 14. hxg5 Rh4
$1 15. Bxc6 bxc6 16. g6 {The line doesn't seem to promiss anything for white,
since black has two bishops and very compact position.} (16. Nb3 a5 17. Qd3 a4
18. Nd2 a3 19. b3 d4 20. Nf3 dxe3 21. Nxh4 Qa5+ 22. c3 exf2+ 23. Kxf2 O-O-O 24.
b4 Qb6+ 25. Qe3 Qxe3+ 26. Kxe3 c5 {1/2-1/2 Akopian,V (2625)-Anastasian,A (2520)
/Yerevan 1995/ (39)}) (16. Qd2 Rb8 17. Nb3 a5 18. c3 a4 19. Nd4 Qa5 20. O-O-O
c5 21. Ne2 Qb5 22. Kb1 Bg4 23. Rde1 Kf8 {1/2-1/2 Votava,J (2540)-Babula,V 
(2540)/Lazne Bohdanec 1996/ (30)}) 16... Bf6 17. gxf7+ Kxf7 18. Qf3 $6 {
The first independent move is surely wrong. The queen will not do much harm on
the kingside, but will be sorely missed on the the other flank.} (18. Qd3 Qa5+
19. c3 Rb8 20. b4 $2 (20. Qd2 Rbh8 $15) 20... Qa3 21. Kd2 Bxd4 22. Bxd4 Qb2+
23. Qc2 Rxd4+ 24. cxd4 Qxd4+ 25. Qd3 Qb2+ 26. Qc2 Qxb4+ 27. Qc3 Qf4+ 28. Ke1
Re8+ 29. Kf1 Qc4+ 30. Qxc4 Bh3+ 31. Rg2 dxc4 {0-1 Macieja,B (2653)-Movsesian,S
(2639)/Bermuda 2004/ (59)}) 18... Qa5+ 19. c3 (19. Kf1 Rah8 $17) 19... Rb8 20.
O-O-O (20. b4 Rxb4 $1 21. cxb4 Qxb4+ 22. Kd1 Rxd4+ 23. Bxd4 Qxd4+ 24. Ke2 (24.
Kc2 Bf5+ 25. Qxf5 Qc3+ 26. Kd1 Qxa1+ $19) 24... Qb2+ 25. Ke3 g6 $19) 20... Qxa2
{Oms Pallice has got a winning attack without any need for special effort.} 21.
Rxg7+ (21. b3 a5 22. Qg3 Qa1+ 23. Kc2 Bf5+ 24. Kd2 Qb2+ $19) 21... Kxg7 22.
Qg3+ Bg4 23. Nf5+ (23. Qc7+ Kg6 $19) 23... Kg6 24. Nxh4+ Kh5 $1 (24... Kh7 25.
Qc7+ Bg7 $19) (24... Kh5 $1 25. Rd2 Qa1+ 26. Kc2 Qxb2+ 27. Kd3 Qxc3#) 0-1

[Event "Biel MTO op"]
[Site "Biel"]
[Date "1995.??.??"]
[Round "7"]
[White "Gallagher, Joseph G"]
[Black "Vehi Bach, Victor Manuel"]
[Result "1-0"]
[WhiteElo "2515"]
[BlackElo "2445"]
[Annotator "Gallagher,J"]
[PlyCount "51"]
[EventDate "1995.07.??"]
[EventType "swiss"]
[EventRounds "11"]
[EventCountry "SUI"]
[SourceTitle "CBM 048 Extra"]
[Source "ChessBase"]
[SourceDate "1995.11.01"]
[SourceVersion "1"]
[SourceVersionDate "1995.11.01"]
[SourceQuality "1"]

1. e4 c5 2. Nf3 e6 3. d4 cxd4 4. Nxd4 Nf6 5. Nc3 d6 6. g4 Nc6 7. g5 Nd7 8. h4
Be7 9. Be3 O-O 10. Qh5 a6 11. O-O-O Nxd4 12. Bxd4 b5 {[#]} 13. e5 $1 $146 (13.
f4) 13... d5 $6 (13... dxe5 $5 14. Bxe5 Qe8) 14. Bd3 g6 15. Qg4 Bc5 {[#]} (
15... Nc5 16. Bxc5 Bxc5 17. h5 Bxf2 18. hxg6 fxg6 19. Rxh7 $1 Be3+ 20. Kb1 Qxg5
21. Qh3 $18) 16. h5 $1 Bxd4 17. Qxd4 Qxg5+ 18. f4 Qe7 19. hxg6 fxg6 {[#]} 20.
f5 $3 (20. Nxd5 $6 Qf7) 20... gxf5 21. Nxd5 $1 exd5 (21... Qf7 22. Nf4 (22.
Bxf5 $1)) 22. Rdg1+ $1 Kh8 23. e6+ Nf6 (23... Rf6 24. Bxf5 Nf8 25. Rh6) (23...
Qf6 24. Bxf5 $3) 24. Bxf5 {[#]} Ra7 (24... Bxe6 25. Bxh7 Qxh7 26. Rxh7+ Kxh7
27. Qh4+) (24... Rg8 25. Qxf6+ $1) 25. Bxh7 $1 Qxh7 26. Qxa7 $1 1-0

[Event "Biel GM"]
[Site "Biel"]
[Date "2000.07.24"]
[Round "1"]
[White "Ponomariov, Ruslan"]
[Black "Gelfand, Boris"]
[Result "1/2-1/2"]
[WhiteElo "2630"]
[BlackElo "2681"]
[Annotator "Gelfand,B"]
[PlyCount "101"]
[EventDate "2000.07.24"]
[EventType "tourn"]
[EventRounds "10"]
[EventCountry "SUI"]
[EventCategory "16"]
[SourceTitle "CBM 079"]
[Source "ChessBase"]
[SourceDate "2000.11.21"]
[SourceVersion "1"]
[SourceVersionDate "2000.11.21"]
[SourceQuality "1"]

1. e4 c5 2. Nf3 d6 3. d4 cxd4 4. Nxd4 Nf6 5. Nc3 a6 6. Be3 e6 7. g4 e5 8. Nf5
g6 9. Bg2 d5 10. Bg5 gxf5 11. Bxf6 Qxf6 12. Nxd5 Qd6 (12... Qd8 13. exf5 $16 {
-77/222}) 13. exf5 Nc6 $1 {N} (13... Rg8 14. Qf3 h5 15. h3 Bh6 16. Rd1 Nc6 17.
c3 Rb8 18. Qe4 Kf8 19. Bf3 Ne7 20. Ne3 Qf6 21. Nc4 Nc6 22. Ke2 Bf4 23. Rd6 Qe7
24. Rhd1 Qc7 25. b3 Kg7 26. R1d5 f6 27. Ne3 Rd8 28. Rxd8 Nxd8 29. Rd3 Nf7 30.
Nd5 Qc5 31. Nxf4 exf4 32. Qxf4 Qe5+ 33. Qe3 b6 34. Bd5 hxg4 35. hxg4 Qxe3+ 36.
Rxe3 Bb7 37. Bxb7 Rxb7 38. Re6 Nd8 39. Rd6 Nf7 40. Re6 Ng5 41. Re3 Rc7 {
1/2-1/2 Szalanczi,E-Kocsis,L/HUN t-ch 1998 (41)}) 14. Qe2 h5 $1 (14... Bh6 15.
Rd1 O-O 16. h4 Nd4 17. Qe4 $40) 15. O-O-O (15. h3 hxg4 16. hxg4 Rxh1+ 17. Bxh1
Nb4 18. O-O-O Nxd5 19. Bxd5 Bh6+ 20. Kb1 Qf6 $17 {Svidler,P}) 15... hxg4 16.
Nb6 (16. Qxg4 $5) (16. Be4 Bh6+ $140 17. Kb1 Nd4 18. Qc4 Kf8 19. c3 Bxf5 20.
Bxf5 Nxf5 21. Nc7 Qg6 $17) 16... Nd4 $1 17. Rxd4 Qxd4 18. Nxa8 (18. Rd1 Qf4+
19. Kb1 Bc5 20. Nxa8 Bxf5 $17) 18... Bc5 $1 (18... Qf4+ 19. Kb1 Bc5 (19... Rxh2
20. Qd1 $11) 20. Nc7+ Kf8 21. Nd5 Qxf5 22. f3 $132) (18... Bd6 19. Be4 $16) 19.
Nc7+ $6 (19. f6 Qf4+ 20. Kb1 Qxf6 21. Nc7+ Kf8 22. Nd5 Qd6 $15) (19. Be4 Bxf5 (
19... Qxf2 $5 {Ponomariov,R} 20. Qxg4 Kf8 {/\Rg8}) 20. Bxf5 Qf4+ 21. Qd2 Qxf5
22. Qd5 O-O $15 (22... Qg5+ $5)) 19... Kf8 20. Nd5 (20. f6 Qf4+ 21. Kb1 Qxf6 {
-19.f6} (21... Rxh2 $6 22. Qd1 $1 Rxh1 23. Qxh1 Qxf6 24. Nd5 Qg7 25. Qh4))
20... Bxf5 21. Ne3 (21. Rd1 Qa4 $1 $19) 21... Qf4 22. Bxb7 Rh3 (22... Be6 $1
23. Qd2 Kg7 24. Nd1 a5 $1 $17) 23. Qd2 (23. Bxa6 g3 $19) 23... Rxe3 $6 (23...
Bxe3 24. fxe3 Rxe3 25. Bxa6 $13 {Svidler}) (23... Be6 $142 24. Nd1 a5 25. Bg2
Rh8 {-22...Be6}) 24. Qd8+ Kg7 25. fxe3 Bxe3+ 26. Kb1 Qc4 (26... Qb4 27. Qd5)
27. Qd1 Bd4 28. Qc1 f6 (28... Be6 29. Qg5+ Kf8 30. Qd8+ Kg7 31. Qa5 $13 (31.
Qg5+ $11)) 29. Rd1 $2 (29. Ka1 $1 Bxc2 (29... Be6 30. Qb1 {/\ 31.c3} Bf5 31.
Qc1 $11) 30. Bxa6 Qa4 (30... Qc5 31. Re1 $13) 31. Bb5 Qa8 32. Bc4 $13) 29... a5
(29... Be3 $1 30. b3 (30. Bxa6 Qf4) (30. Rd7+ Kg6 $19) 30... Qc7 $1 31. Qxe3
Qxc2+ 32. Ka1 Qxd1+ 33. Kb2 Qc2+ 34. Ka3 Qxh2 $19) 30. b3 (30. Ka1 Qxc2 $17)
30... Qc3 31. Rxd4 Qxd4 32. Qf1 Bg6 33. Qc4 Qg1+ 34. Kb2 Qxh2 35. Qxg4 Qxc2+
36. Ka3 Qc5+ (36... Qc3 37. Qc4 $5) (36... Qd2 37. Qc4 f5 38. Bd5 e4 39. Qc5
Kh6 $17) 37. Kb2 (37. b4 Qb5 38. Bc8 f5 39. Qh4 Qd3+) 37... f5 (37... e4 $5 38.
Qd7+ (38. Qf4 Qd4+) 38... Kh6 39. Qh3+ Qh5 40. Qe3+ Kg7) 38. Qc4 Qxc4 (38...
Qd6 39. Qc3 $17) (38... Qe7 $142) 39. bxc4 Kf6 40. Kc3 f4 $2 (40... Ke6 41. c5
Kd7 42. Kc4 (42. a3 Kc7 43. Bd5 Be8 $19 44. Kd3 Bc6 45. Be6 f4) 42... Bf7+ 43.
Kb5 Kc7 44. Bg2 e4 (44... Bxa2 45. Kxa5 e4 46. Kb4) 45. Kxa5 (45. a4 e3 46. Bf3
f4) 45... e3 46. Bf3 Bd5 47. Bh5 (47. Bd1 f4 48. Kb4 f3) 47... f4 48. Kb4 f3
49. Kc3 f2 50. Be2 Bf3 $19) 41. c5 Ke7 42. a3 Kd7 43. Kc4 Bc2 (43... Kc7 44.
Bg2 Be8 45. Kd5 Bc6+ 46. Kxe5 Bxg2 47. Kxf4 Kc6 48. Ke3 Kb5 49. Kd2 Ka4 50. Kc2
Kxa3 51. Kb1 $11) 44. Kd5 e4 45. Kd4 f3 (45... e3 46. Bf3 Ke6 47. c6 Kd6 48. c7
Bf5 49. Be2 a4 50. Bf3 Kxc7 51. Ke5 Bd3 52. Kxf4 e2 53. Bxe2 Bxe2 54. Ke3 $11 {
Ponomariov,R}) 46. Ke3 Ke6 47. Bc6 Ke5 48. Bb7 Bd3 49. Ba8 Kf5 50. Bb7 Ke6 51.
Bc6 1/2-1/2

[Event "Dortmund SuperGM 24th"]
[Site "Dortmund"]
[Date "1996.07.13"]
[Round "8"]
[White "Leko, Peter"]
[Black "Gelfand, Boris"]
[Result "0-1"]
[WhiteElo "2630"]
[BlackElo "2665"]
[Annotator "Gelfand,B"]
[PlyCount "162"]
[EventDate "1996.07.05"]
[EventType "tourn"]
[EventRounds "9"]
[EventCountry "GER"]
[EventCategory "18"]
[SourceTitle "CBM 054"]
[Source "ChessBase"]
[SourceDate "1996.10.01"]
[SourceVersion "1"]
[SourceVersionDate "1996.10.01"]
[SourceQuality "1"]

1. e4 {Cifuentes Dolmatov} c5 2. Nf3 d6 3. d4 cxd4 4. Nxd4 Nf6 5. Nc3 a6 6. Be3
e6 7. g4 h6 8. f4 (8. Qf3 {Dolmatov} Nbd7 9. Rg1 g5 10. O-O-O Ne5 11. Qe2 Bd7 {
Kotronias,V-van Wely,L/Wijk aan Zee/1992/}) 8... Nc6 9. h3 (9. Be2 {Dolmatov}
e5 10. Nf5 g6 11. Ng3 exf4 12. Bxf4 Be6 13. Rf1 Rc8 14. h3 $15 {Topalov,
V-Kasparov,G/Moscow/1994/}) 9... Qc7 (9... d5 {Dolmatov} 10. e5 Nd7 11. Qd2 g5
12. O-O-O gxf4 13. Bxf4 Ndxe5 14. Nxc6 Nxc6 15. Bg2 $44) 10. Qe2 (10. Bg2 $5 {
Dolmatov}) 10... b5 $5 {New idea in a fashionable line} 11. Nxc6 (11. Bg2 {
Dolmatov} Bb7) 11... Qxc6 12. Bg2 Bb7 13. Bd4 Be7 (13... b4 14. Nd5 Nxd5 15.
exd5 Qb5 16. Qxb5+ axb5 17. O-O $16) 14. a3 Rc8 15. O-O-O (15. O-O O-O $13 16.
e5 $6 Qxg2+ 17. Qxg2 Bxg2 18. exf6 Bxf6) 15... Qc4 16. Qd2 {With the next
moves White's strategy is not in the spirit of the Sicilian defence. They have
to play for an attack if they want to achieve something} (16. Rd3 $142 $5) (16.
Qe3 {Dolmatov} b4 $5 (16... e5 17. fxe5 Nxg4 (17... Nxe4 18. Bxe4 Bg5 19. Bxb7)
18. hxg4 Bg5 19. Qxg5 hxg5 20. Rxh8+ $18) 17. b3 Qc7 18. axb4 e5) 16... b4 (
16... O-O 17. Kb1 $13) 17. axb4 Qxb4 18. Kb1 a5 (18... O-O $2 {Dolmatov} 19.
Nd5 Nxd5 20. exd5 $14) 19. Rhe1 $6 (19. h4 Nxg4 20. Bxg7 Rg8 21. Bd4 $13) 19...
O-O 20. Na2 $6 Qxd2 21. Rxd2 Nd7 22. Nc3 (22. b3 {Dolmatov} Rb8 23. Bb2 Bc6)
22... Bc6 23. Bf1 (23. e5 Bxg2 24. Rxg2 dxe5 25. fxe5 $15) (23. Nd5 exd5 24.
exd5 Bh4 25. dxc6 Bxe1 26. Re2 Nb8 $17) 23... Rb8 24. Bc4 (24. Nd5 exd5 (24...
Bh4 25. Bf2 Bxf2 26. Ne7+ Kh8 27. Rxf2 Ba8 28. f5) 25. exd5 Bh4 26. dxc6 Bxe1)
24... Rb4 25. b3 (25. Ba2 Rfb8) (25. Nd5 Bh4 (25... exd5 26. exd5) 26. Bf2 Bxf2
27. Ne7+ Kh8) 25... Rfb8 26. Ka2 Rxc4 $5 $17 {This exchange sac leaves White
without counterplay} (26... a4 $5 {Dolmatov}) 27. bxc4 Rb4 28. e5 (28. Nd5 Ra4+
29. Kb2 Bh4) (28. c5 dxc5 29. Bg1 g5 $17) 28... dxe5 29. fxe5 Rxc4 30. Nd1 $1
Bd5 31. Kb1 Rb4+ 32. Nb2 Nc5 (32... a4 $5) (32... a4 {Dolmatov} 33. Ka1 a3 34.
Nd1 Nb6 35. Ne3) 33. Ka1 Ne4 $138 (33... a4 $5) 34. Rd3 Ng5 35. Bc3 Rb8 36.
Ree3 a4 37. Bd4 a3 38. Na4 Ne4 39. Nb6 Bc6 40. Ka2 Bg5 41. Rxa3 (41. Re1 Be7
$15) (41. Re2 {Dolmatov} Bc1) (41. Re1 {Dolmatov}) 41... Bxe3 42. Rxe3 Rd8 (
42... f5 $5 43. exf6 gxf6 44. Nd7 Ra8+ 45. Kb2 e5 46. Rxe4 Bxe4 47. Nxf6+ Kf7
48. Bxe5 $15) 43. c3 Kh7 (43... f5 $5 {Was much better} 44. exf6 gxf6 45. Bxf6
Rb8 (45... Nxf6 46. Rxe6 $10) 46. Nd7 Ra8+ 47. Kb2 (47. Kb3 Nd2+ 48. Kc2 Ra2+)
47... Nf2 $1 $17 48. Re2 Nd3+ 49. Kc2 Nf4) (43... Ng5 44. Bc5 Rd2+ 45. Ka3 Rh2
46. Be7 Nxh3) 44. Kb3 f5 $5 (44... Kg6 {Dolmatov}) 45. exf6 (45. gxf5 exf5 $17)
45... gxf6 46. Nc4 $1 {Since now White makes a couple of very strong defencive
moves} Bd5 47. Kb4 (47. Kc2 e5 $5 (47... Bxc4 48. Rxe4 e5 49. Bb6 Bd3+ 50. Kb2)
) 47... e5 48. Ba7 $1 (48. Bc5 Rc8 49. Nb6 Rb8 50. c4 Bc6 $17) 48... Rd7 (48...
Ra8 $2 {Dolmatov} 49. Nb6 Rxa7 50. Nxd5 $10) 49. Bb6 (49. Nb6 {Dolmatov} Rb7
50. Kb5 $17) 49... Rb7 50. Ka5 Rb8 (50... Bxc4 51. Rxe4 Bd5 52. Rb4 Kg6 $10)
51. Nb2 Ra8+ 52. Kb4 Ra2 53. Re2 (53. Nd3 Ra1 54. Re1 $10) 53... Ra6 54. Be3
Ra8 55. c4 Bc6 (55... Rb8+ 56. Ka3 Bc6 57. Rc2 Kg6) 56. Bb6 Ra1 57. Be3 Kg6 (
57... h5 $5) 58. Nd3 h5 (58... Rh1 59. Ka5 $1 $132 (59. Ka5 {Dolmatov} Rxh3 60.
Kb6 $132)) 59. Re1 $1 Rxe1 60. Nxe1 hxg4 61. hxg4 Bd7 62. Nd3 $2 (62. c5 $1
Bxg4 63. c6 $10) 62... Bxg4 63. c5 (63. Nf2 Bf3 $19 (63... Nxf2 64. Bxf2 f5 65.
Kc3 f4 66. Kd3 Kf5)) 63... Bd7 64. Kc4 Be6+ 65. Kb5 Nc3+ 66. Kc6 Nd5 (66... Kf5
67. Bd2 $1) 67. Kd6 Kf5 (67... Nxe3 $2 {Dolmatov} 68. Kxe6 Nc4 69. Kd5 $10) 68.
Bd2 e4 69. Nb4 $2 (69. Nf4 Nxf4 70. Bxf4 Kxf4 71. Kxe6 e3 $19) (69. Ne1 e3 70.
Bc1 $138 {=}) 69... e3 $1 70. Be1 (70. Nxd5 exd2 71. Nc3 Bc4 (71... Bc8 {
Dolmatov} 72. c6 Kf4 73. Ke7 Ke5 $19) 72. c6 Kf4 73. Kc5 Ba6 74. Kd4 Kf3 (74...
f5 75. c7 Kf3 76. c8=Q Bxc8 77. Kd3 $10) 75. c7 Kf2 76. Ke4 Bc8 77. Kd3 Ke1 $19
) 70... Nxb4 71. Bxb4 {Cifuentes: The theory of unequal bishop endings is
mainly limited to positions with 2 pawns against 0. If the weaker side has
still one pawn left, the situation can become extremely complicated and
interesting. Examples are the position Kf5, Bb4, Pd5/e4 vs. Kd7, Bf3, Pe2,
analysed at length by Zvyagintsev and Dvoretsky in the Encyclopaedia of Chess
Endings, and the following position: Kf3, Ba3, Pe7 vs. Kd2, Bb5, Pd4/e3 (De
Zeeuw and Cifuentes, 1996): 1 Bb4+! (1 Ke4? d3 2 Bc1+ Kxc1 3 e8Q e2!! 4 Qxb5
e1Q+ and the Q-QP-ending is winning) 1...Kd3 2 Bc5! Bc6+ 3 Kf4! e2 4 Bb4 Kc2 5
Ba5 Kd1 6 e8Q Bxe8 7 Ke4 =.} Bc4 (71... Bc8 $5) 72. Bc3 {Necessary in order to
prevent 72...Ke4 followed by the advance of the f-pawn.} (72. c6 Ke4 $19 (72...
Ke4 {Cifuentes} 73. c7 Ba6 $19)) (72. Ke7 Kg5) 72... Kg5 (72... e2 {Cifuentes 
(Threatens 73...Ke4 after all)} 73. Ke7 Kg6 74. c6 (74. Kd6 $5 f5 75. Ke5 Kg5
76. Kd4 $10) 74... f5 75. c7 Ba6 76. Ke6 Kg5 77. Ke5 $10) 73. c6 {Nothing
better to do, White's king is temporarily cut off.} f5 74. Ke5 (74. Kc5 Be2 $1
75. Kd4 Kf4 (75... f4 76. Ke4 Kg4 77. Bd4 $10) 76. c7 Ba6 77. Bb4 e2 78. Be1
Kf3 79. Ke5 Bc8 80. Kd4 Kg2 $19) 74... Ba6 75. Bd4 (75. Kd4 {Cifuentes} Kf4 76.
Bb4 Kf3 77. c7 e2 (77... f4 78. Ke5 $10) (77... Ke2 78. Ke5 Bc8 79. Kf4 $10)
78. Be1 Kg2 79. Ke3 Kf1 80. Kd2 f4 81. Bh4 $22 $10 {This is a mutual Zugzwang
position which will continuously turn up at the end of most of our lines. Here
White got the last word.}) 75... e2 76. Bc3 Kg4 77. Be1 (77. c7 $2 {Cifuentes
Pushing the pawn too early. White should first retreat his king in order to
make Black lose a crucial tempo.} Bc8 $1 (77... f4 $2 78. Ke4 $10) 78. Kd4 Kf3
79. Be1 {transposes to the game.}) 77... Bc8 78. Kd4 Kf3 79. c7 (79. Kd3 $1 {
Cifuentes (attacking Pe2, thereby preventing the immediate ...Kg2 and forcing .
..Ba6+, which costs Black a crucial tempo which he now cannot spend on getting
in ...Pf4 in time)} Ba6+ (79... f4 80. c7 Ba6+ 81. Kd2 {and 81...Kg2 is
impossible}) 80. Kd2 $1 (80. Kd4 $2 Kg2 81. Ke3 Kf1 82. Kd2 f4 83. Bh4 Bb5 84.
c7 Ba6 $22 {mutual Zugzwang}) 80... Kg2 81. c7 Kf1 {(Still too early.)} 82. Bg3
$1 f4 83. Bh4 $1 {with the mutual Zugzwang again.}) 79... Kg2 80. Ke3 Kf1 81.
Bh4 {After 81 Kd2 it is Black who takes advantage of the mutual Zugzwang:} (81.
Kd2 f4 (81... Ba6 $2 {Cifuentes (Still too early.)} 82. Bh4 $2 f4 $22) 82. Bh4
Ba6 $22 $19 (82... Bd7 83. Kd3 $10)) 81... e1=Q+ 0-1